000
00259nam a2200109Ia 4500
008
190911s9999||||xx |||||||||||||| ||und||
100
_a
G. Allana
245
0
_a
Our Freedom Fighters 1562-1947
260
_a
Lahore
_b
Royal Book
_c
1996
300
_a
350
942
_c
BK
999
_c
6887
_d
6887